| 000 | 00634nam#a22002415a#4500 | ||
|---|---|---|---|
| 001 | 2502 | ||
| 245 | 1 | 0 |
_aAntología sustancial de poemas y canciones / _cVinicius de Moraes. |
| 250 | _a1ª edic. | ||
| 260 |
_aBuenos Aires : _bAdriana Hidalgo, _c2014. |
||
| 300 |
_a354 p. ; _c22 cm. |
||
| 490 | 0 | _ael otro lado. poesía | |
| 500 | _aColección Juan Gelman. | ||
| 020 | _a9789871923878 | ||
| 100 | 1 | _aMoraes, Vinicius. | |
| 080 | _a82-147 | ||
| 084 | _aA59 | ||
| 653 | _aPoesía | ||
| 040 |
_aAR-ClEAG _cAR-ClEAG |
||
| 008 | 141112s2014####ag############000#0#und#d | ||
| 005 | 20241107184746.0 | ||
| 003 | AR-ClEAG | ||
| 942 | _cBK | ||
| 999 |
_c2502 _d2502 |
||
| 980 |
_62 _aEvangelina Gallicchio _82 _gEvangelina Gallicchio |
||